000 00205 a2200097 4500
001 7512
100 _aJuudge, A W
245 _aMotor Vehicle Engine Serving
260 _a
_bPitman
_c
090 _c6013
_d6013
942 _aNUST-CAE
_cM
_c32505
999 _c242585
_d242585